100 największych państw na świecie - Statystyki

Ogólne statystyki
  • Ten quiz został rozwiązany 2 228 razy
  • Średni wynik to 56 z 100
Statystyki odpowiedzi
Miejsce Państwo % Poprawnych
1. Rosja
97%
3. Chiny
95%
2. Kanada
95%
70. Polska
94%
4. Stany Zjednoczone
94%
5. Brazylia
90%
8. Argentyna
87%
43. Francja
87%
6. Australia
86%
63. Niemcy
85%
52. Hiszpania
84%
7. Indie
83%
14. Meksyk
82%
56. Szwecja
80%
46. Ukraina
79%
72. Włochy
79%
9. Kazachstan
78%
68. Norwegia
78%
10. Algieria
76%
30. Egipt
76%
65. Finlandia
74%
25. Republika Południowej Afryki
74%
37. Turcja
74%
62. Japonia
73%
80. Wielka Brytania
73%
13. Arabia Saudyjska
72%
38. Chile
72%
11. Demokratyczna Republika Konga
71%
19. Mongolia
71%
15. Indonezja
70%
18. Iran
69%
59. Irak
65%
26. Kolumbia
65%
20. Peru
65%
22. Niger
64%
36. Pakistan
64%
64. Kongo
62%
58. Maroko
62%
17. Libia
61%
33. Wenezuela
61%
32. Nigeria
60%
16. Sudan
60%
86. Białoruś
59%
12.. Dania
59%
83. Rumunia
59%
76. Nowa Zelandia
58%
51. Tajlandia
57%
21. Czad
56%
41. Afganistan
55%
28. Boliwia
55%
71. Oman
55%
57. Uzbekistan
55%
97. Grecja
54%
66. Wietnam
54%
27. Etiopia
53%
50. Jemen
53%
53. Turkmenistan
52%
91. Urugwaj
52%
23. Angola
50%
74. Ekwador
49%
73. Filipiny
49%
49. Kenia
49%
60. Paragwaj
49%
47. Madagaskar
48%
67. Malezja
48%
24. Mali
48%
44. Somalia
48%
96. Tadżykistan
48%
42. Sudan Południowy
45%
31. Tanzania
45%
39 Zambia
45%
87. Kirgistan
44%
29. Mauretania
42%
61. Zimbabwe
42%
35. Mozambik
41%
34. Namibia
41%
89. Syria
41%
84. Laos
40%
45. Republika Środkowoafrykańska
38%
88. Senegal
38%
93. Tunezja
38%
99. Korea Północna
37%
48. Botswana
36%
82. Ghana
36%
54. Kamerun
36%
55. Papua-Nowa Gwinea
36%
69. Wybrzeże Kości Słoniowej
35%
90. Kambodża
34%
81. | 85. Uganda
34%
95. Bangladesz
32%
79. Gwinea
30%
94. Nepal
30%
77. Gabon
29%
92. Surinam
23%
75. Burkina Faso
22%
100. Malawi
21%
98. Nikaragua
14%
78. Sahara Zachodnia
5%
40. Mjanma (Birma)
2%
Nie znaleziono quizów pasujących do podanych kryteriów
Rozkład punktacji
Procent ludzi z każdym wynikiem
Percentyl według liczby udzielonych odpowiedzi
Twoja historia wyników
Nie rozwiązałeś tego quizu